000 02839nam0a2200493 4500
001 RU\NLR\BIBL_A\011528376
005 20260408192203.0
010 _a5-88711-106-2
_91000
035 _a(NLR Aleph) 011528376
090 _a12132527
_c12132527
100 _a20171116d1999 |||y0rusy50 ca
101 0 _arus
102 _aRU
105 _aa z 00zy
106 _as
135 _acrmn mmmanaba
200 1 _aАвтомобильные дороги в экологических системах
_bЭлектронный ресурс
_eпроблемы взаимодействия
_e[монография]
_fКавтарадзе Д. Н., Николаева Л. Ф., Поршнева Е. Б., Флорова Н. Б.
_gМосковский государственный университет им. М. В. Ломоносова, Биологический факультет
210 _aМосква
_cЧеРо
_d1999
215 _a239 с.
_cил., табл.
230 _aЭлектрон. дан.
300 _aЗагл. с титул. экрана
316 _aС автогр. авт.
_5NLR
320 _aБиблиогр.: с. 201-219
325 1 _aКопия доступна в электронной библиотеке РНБ
337 _aРесурс доступен в Электронной библиотеке РНБ
606 1 _aОкружающая среда
_xЗагрязнение отходами автомобильного транспорта
_91767221
_3RU\NLR\AUTH\66793252
606 1 _aЭкологические системы
_xВлияние автомобильного транспорта
_92345289
_3RU\NLR\AUTH\6601624842
606 _aАвтомобильные дороги
_xЭкологические требования
_3RU\NLR\AUTH\661292934
_92146076
686 1 _aО35-082н6
686 1 _aО311-022.1
686 1 _aЕ081.4
701 1 _8rus
_7ca
_aКавтарадзе
_bД. Н.
_gДмитрий Николаевич
_3RU\NLR\AUTH\7775815
_958743
701 1 _aНиколаева
_bЛ. Ф.
_cканд. биол. наук
_gЛия Федоровна
_9180870
_3RU\NLR\AUTH\770180921
701 1 _aПоршнева
_bЕ. Б.
_gЕлена Борисовна
701 1 _aФлорова
_bН. Б.
_cканд. биол. наук
_gНина Борисовна
_9180872
_3RU\NLR\AUTH\770180923
852 0 0 _aNLR
_jЭБ
901 _eКнижные издания
942 _cBOOK
980 _aNB
981 1 3 _a(13) Документы, защищенные авторским правом
_b(13) Современная научная, научно-популярная и популярная л